[Event "SM-2021-0-00450"]
[Site "LSS email"]
[Date "2021.08.10"]
[Round "?"]
[White "Boni, Roberto"]
[Black "Goreczny, Grzegorz"]
[Result "1/2-1/2"]
[WhiteElo "2289"]
[BlackElo "2256"]
[PlyCount "74"]
[EventDate "2021.06.18"]
[EventType "tourn (corr)"]
[EventRounds "6"]
[EventCountry "GER"]
[SourceTitle "Corr 2024"]
[Source "ChessBase"]
[SourceDate "2023.10.19"]
[SourceVersion "1"]
[SourceVersionDate "2023.10.19"]
[SourceQuality "1"]

1. e4 c5 2. Nf3 d6 3. d4 cxd4 4. Nxd4 Nf6 5. Nc3 a6 6. Be3 e5 7. Nb3 Be6 8. f3 h5 9. Qd2 Nbd7 10. Nd5 Bxd5 11. exd5 g6 12. 0-0-0 Bg7 13. Kb1 Qc7 14. Rg1 0-0 15. g4 hxg4 16. fxg4 Nb6 17. Qa5 Rac8 18. c3 Nc4 19. Qxc7 Rxc7 20. Bc1 Nb6 21. h4 Nfxd5 22. h5 Re8 23. Na5 g5 24. Bxg5 e4 25. c4 Re5 26. Bc1 Nc3+ 27. bxc3 Rxa5 28. Rxd6 Nxc4 29. Rd8+ Kh7 30. g5 Bxc3 31. g6+ fxg6 32. hxg6+ Kg7 33. Bxc4 Rxc4 34. Rd7+ Kg8 35. Rd8+ Kg7 36. Rd7+ Kg8 37. Rd8+ Kg7 1/2-1/2